000 00781nam a2200229Ia 4500
003 OSt
005 20220927105737.0
006 a|||||r|||| 00| 0
007 ta
008 220926b |||||||| |||| 00| 0 eng d
024 _a197595
037 _cReference Collections
040 _aRTL
_cRTL
_beng
041 _2eng
_aeng
082 _a"X9(D2):4:5.2, M7/GD"
100 _aCENTRAL BOARD FOR THE PREVENTION AND CONTROL OF WATER POLLUTION
_9374656
245 0 _aManual for statistical analyses and interpretation of water quality data
260 _a"Delhi,"
_b"The Author, "
_c1987
300 _a151p
_ccm.
942 _h"X9(D2):4:5.2, M7/GD"
_cCC
999 _c694316
_d694316